000 00682nam a2200217Ii 4500
003 JO-AjNU
008 230606s9999||||xx |||||||||||||| ||und||
020 _a817476455-0
040 _aJO-AjNU
_beng
_erda
_cJO-AjNU
041 _aeng
050 1 4 _aPR6029 2004
100 3 _aTranslation by: MUKERJI, JOYASREE,
_eauthor
_92589
245 0 0 _aSHE: A Collection Of Short Stories Of Rabindranath Tagore
250 _a1 ed
264 3 1 _aNew Delhi:UBSPD Publishers' Distributors Pvt.Ltd, 2004
300 _a218P
336 _atext
_btxt
_2rdacontent
337 _aunmediated
_bn
_2rdamedia
338 _avolume
_bnc
_2rdacarrier
650 4 _aShort Stories - Rabindranath Tagore
_92590
999 _aE1354
_c1354
_d1354